000 00520nam a22001697a 4500
005 20251108165150.0
008 250721s1989 xx 000 0 ara d
082 1 4 _a928.1/عوض
100 1 _aعبد اللطيف، طاهر
245 1 0 _aالمقال و فنونه عند الشيخ علي يوسف /
264 1 _aالقاهرة :
_bمكتبة الكليات الأزهرية،
_c1989.
300 _a196ص
650 1 7 _aالتراجم
650 1 7 _aالأدباء العرب
942 _2ddc
_cBK
999 _c21063
_d21063